000 00646nam a2200205Ia 4500
003 GCL
008 140319s9999 xx 000 0 ara d
040 _aGCL /
_cGCL
082 0 4 _a811.094
_bم م
100 1 _aمحمد ابراهيم ابوسنة
245 1 0 _aمرايا النهار البعيد /
_cمحمد ابراهيم ابوسنة
260 _a[S.N] :
_bالهيئة المصرية العامة للكتاب ،
_c1987
300 _a118 ص
490 _a
650 0 4 _aالشعر العربى
650 0 4 _aالادب العربى
650 0 4 _aالعصر الحديث
650 0 4 _aدواوين وقصائد
942 _2ddc
_cBK
999 _c30514
_d30514